| 000 | 01175nam a22002897a 4500 | ||
|---|---|---|---|
| 999 |
_c27987 _d27958 |
||
| 003 | EG-ScBUE | ||
| 005 | 20200202102535.0 | ||
| 008 | 200202s2010 ua ao f b 000 0 eng d | ||
| 040 |
_aEG-ScBUE _beng _erda _cEG-ScBUE _dEG-ScBUE |
||
| 043 | _af-ua--- | ||
| 082 | 0 | 4 |
_a305.230962 _bCHI _222 |
| 245 | 0 | 0 |
_aChild poverty and disparities in Egypt : _bbuilding the social infrastructure for Egypt's future. |
| 246 | 3 | 4 |
_aChild poverty and disparities in Egypt : _bbuilding the social infrastructure for Egypt's future : global study on child poverty and disparities |
| 264 | 1 |
_aEgypt : _bUNICEF, _c2010. |
|
| 300 |
_a27 pages : _billustrations (some color), photographs ; _c27 سم |
||
| 336 |
_2rdacontent _aنص _btxt |
||
| 337 |
_2rdamedia _aبدون وسيط _bn |
||
| 338 |
_2rdacarrier _aمجلد _bnc |
||
| 504 | _aيشتمل على إرجاعات ببليوجرافية. | ||
| 541 |
_aدكتور شومان ؛ _cإهداء |
||
| 650 | 7 |
_aPoor children _zEgypt _xSocial conditions. _2BUEsh |
|
| 650 | 7 |
_aPoor children _xAbuse of _zEgypt. _2BUEsh |
|
| 650 | 7 |
_aPoor children _xEducation _zEgypt. _2BUEsh |
|
| 653 |
_bGGEN _cJanuary2020 |
||
| 655 | _vReading book | ||
| 942 | _2ddc | ||